000
00288nam a2200121 a 4500
008
101022s1966|||| d
100
1
_a
Lagerkvist, Pär
245
1
0
_a
Barabáš Sibyla Ahasver
260
_b
Tatran
_a
Bratislava
_c
1966
020
_c
15,50
041
_a
slo
044
_a
xo
_c
SK
999
_c
12058
_d
12058